000 00296nam a2200109Ia 4500
008 200302s9999 xx 000 0 und d
100 _aJi hyun Choi (Ed.)
245 _aInterior World Design & Detail Vol 75; Health & Spa
260 _bArchiworld Publication, Korea
260 _c2009
300 _a191
999 _c4454
_d4454